Top 10 WTA Tennis Players 2024 by Picture - Statistics

General Stats
  • This quiz has been taken 59 times
  • The average score is 7 of 10
Answer Stats
Picture Answer % Correct
Aryna Sabalenka
92%
Iga Świątek
87%
Elena Rybakina
82%
Coco Gauff
79%
Jasmine Paolini
77%
Qinwen Zheng
69%
Jessica Pegula
64%
Daria Kasatkina
49%
Emma Navarro
49%
Barbora Krejčíková
44%
No matching quizzes found
Score Distribution
Percent of People with Each Score
Percentile by Number Answered
Your Score History
You have not taken this quiz